000 00947cam a22002654a 4500
008 090128s2008 sp a b 000 0 spa
010 _a 2009471294
020 _a9788484894209
040 _aDLC
_cDLC
050 0 0 _aPQ6605.E44
_bR56 2008
092 0 4 _a863.64 C392r
_221
099 _a04
_a863.64 C392r
100 1 _aRodiek, Christoph.
245 1 0 _aDel cuento al relato hâibrido :
_ben torno a la narrativa breve de Camilo Jose Cela /
_cChristoph Rodiek.
260 _aMadrid :
_bIberoamericana ;
_aFrankfurt am Main :
_bVervuert,
_c2008.
300 _a171 p. :
_bill. ;
_c23 cm.
490 0 _aHistoria y crâitica de la literatura ;
_v42
504 _aIncludes bibliographical references (p. [153]-161).
600 1 0 _aCela, Camilo Jose,
_d1916-2002
_xCriticism and interpretation.
902 _a1
905 _aJamal
_eRev.
905 _aJihan
_eCat.
942 _2ddc
_cBK
999 _c134228
_d134228